|
|
|
|
| LEADER |
00000nam a2200000 a 4500 |
| 001 |
vtls009505384 |
| 003 |
SK-MaSNL |
| 005 |
20260301125954.0 |
| 008 |
240318s2008 xo ol f p 000 0 slo |
| 015 |
|
|
|a SNBA2009/06-03112
|
| 020 |
|
|
|a 9788022325639
|q (brož.)
|
| 035 |
|
|
|a 58A0AFF2-89BB-4E91-AF04-4EC8CF8894CE
|
| 035 |
|
|
|a urn:nbn:sk:snk-amk8fg
|
| 035 |
|
|
|a urn:nbn:sk:snk-am003w4l
|
| 040 |
|
|
|a SNK
|b slo
|c SNK
|e AACR2
|
| 041 |
0 |
|
|a slo
|
| 044 |
|
|
|a xo
|c SK
|
| 072 |
|
7 |
|a 60
|x Biotechnológie. Genetické inžinierstvo
|2 konspekt
|
| 072 |
|
7 |
|a 577
|x Biochémia. Molekulárna biológia. Biofyzika
|2 konspekt
|
| 080 |
|
|
|a 602.7
|2 2001
|
| 080 |
|
|
|a 602.6
|2 2001
|
| 080 |
|
|
|a 575.117
|2 2001
|
| 080 |
|
|
|a 577.21
|2 2001
|
| 080 |
|
|
|a 579.842.1/.2
|2 2001
|
| 100 |
1 |
|
|a Korduláková, Jana,
|d 1977-
|4 aut
|9 252392
|
| 245 |
1 |
0 |
|a Klonovanie a expresia génu Escherichia coli
|b experimentálne cvičenie z molekulárnej biológie : [Európsky sociálny fond : národný projekt Excelentná univerzita je podporený v rámci JPD NUTS II Bratislava Ciel 3]
|c Jana Korduláková, Gabriela Gavurníková
|
| 250 |
|
|
|a [1. vyd.]
|
| 260 |
|
|
|a Bratislava
|b Univerzita Komenského
|c 2008
|
| 300 |
|
|
|a 87 s.
|b fotogr., sch., tab.
|c 21 cm
|
| 504 |
|
|
|a Bibliogr. s. 85
|
| 650 |
0 |
7 |
|a klonovanie
|2 SNKPH
|9 16163
|
| 650 |
0 |
7 |
|a génová expresia
|2 SNKPH
|9 116746
|
| 650 |
0 |
7 |
|a DNA (nukleová kyselina)
|2 SNKPH
|9 21363
|
| 650 |
0 |
7 |
|a molekulárna genetika
|2 SNKPH
|9 67991
|
| 650 |
0 |
7 |
|a Escherichia coli
|2 SNKPH
|9 16089
|
| 650 |
0 |
7 |
|a Cloning
|2 SNKPHeng
|9 411784
|
| 650 |
0 |
7 |
|a genetické inžinierstvo
|2 SNKPH
|9 74877
|
| 650 |
0 |
7 |
|a Genetic engineering
|2 SNKPHeng
|9 307737
|
| 650 |
0 |
7 |
|a Gene expression
|2 SNKPHeng
|9 364653
|
| 650 |
0 |
7 |
|a Deoxyribonucleic acid
|2 SNKPHeng
|9 333820
|
| 650 |
0 |
7 |
|a Molecular genetics
|2 SNKPHeng
|9 101726
|
| 655 |
|
7 |
|a učebné texty
|2 SNKPH
|9 70568
|
| 655 |
|
7 |
|a Educational texts
|2 SNKPHeng
|9 277375
|
| 700 |
1 |
|
|a Gavurníková, Gabriela
|4 aut
|9 39753
|
| 919 |
|
|
|a 978-80-223-2563-9
|
| 958 |
|
|
|a OND
|
| 958 |
|
|
|a NB
|
| 968 |
|
|
|d 56/59
|
| 999 |
|
|
|c 744049
|d 745979
|
| 952 |
|
|
|a SNK
|b SNK
|y PREZ
|7 0
|p 17A0620059
|o snkSC 135536
|i snk2009/8178
|8 0
|0 0
|1 0
|4 0
|d 2009-05-05
|f 1
|l 0
|r 2025-07-01 00:00:00
|w 2026-02-23
|
| 952 |
|
|
|a SNK
|b SNK
|y VYP
|7 0
|p 17A0620058
|o snkSC 135536 D1
|i snk2009/8179
|8 0
|0 0
|1 0
|4 0
|d 2009-05-05
|l 0
|r 2026-02-23 23:11:04
|w 2026-02-23
|